[Event "BL 2223 (Women)"]
[Site "Germany"]
[Date "2023.03.11"]
[Round "7.2"]
[White "Adamowicz, Katarzyna"]
[Black "Kiolbasa, Oliwia"]
[Result "0-1"]
[WhiteElo "2106"]
[BlackElo "2404"]
[PlyCount "112"]
[EventDate "2022.10.15"]
[EventType "team-tourn"]
[EventRounds "11"]
[EventCountry "GER"]
[SourceTitle "CBM 213 Extra"]
[Source "ChessBase"]
[SourceDate "2023.05.31"]
[SourceVersion "1"]
[SourceVersionDate "2023.05.31"]
[SourceQuality "1"]
[WhiteTeam "Harksheide (W)"]
[BlackTeam "Bad Koenigshofen (W)"]
[WhiteTeamCountry "GER"]
[BlackTeamCountry "GER"]

1. e4 e5 2. Nf3 Nc6 3. Bb5 a6 4. Ba4 d6 5. c3 Bd7 6. 0-0 g6 7. d4 Bg7 8. h3 Nf6 9. Re1 0-0 10. a3 Nh5 11. Bg5 Qe8 12. d5 Ne7 13. Bxd7 Qxd7 14. c4 h6 15. Bd2 b5 16. Nc3 bxc4 17. Qe2 f5 18. Qxc4 fxe4 19. Qxe4 Nf4 20. Bxf4 Rxf4 21. Qd3 Raf8 22. Re3 g5 23. Rf1 g4 24. hxg4 Qxg4 25. Nh2 Qh5 26. Rh3 Qf7 27. Rf3 e4 28. Rxf4 exd3 29. Rxf7 Kxf7 30. Rd1 Rb8 31. Rxd3 Rxb2 32. Nd1 Rb1 33. Nf1 Ng6 34. Nde3 Nf4 35. Rd2 Rb3 36. Rc2 Bc3 37. g3 Nd3 38. Nd1 Ba5 39. Nfe3 Rxa3 40. Nc4 Ra1 41. Nxa5 Rxd1+ 42. Kh2 Nc5 43. Nc4 Rxd5 44. Ne3 Rd3 45. Kh3 Kg6 46. Rc4 h5 47. Ng2 Rd2 48. f4 a5 49. Nh4+ Kf6 50. Nf3 Rd1 51. Nd4 a4 52. Nb5 Rh1+ 53. Kg2 Rb1 54. Nxc7 a3 55. Nd5+ Ke6 56. Nc3 Rc1 0-1

[Event "BL 2223 (Women)"]
[Site "Germany"]
[Date "2022.10.15"]
[Round "1.4"]
[White "Adamowicz, Katarzyna"]
[Black "Injac, Teodora"]
[Result "1/2-1/2"]
[WhiteElo "2106"]
[BlackElo "2386"]
[PlyCount "82"]
[EventDate "2022.10.15"]
[EventType "team-tourn"]
[EventRounds "11"]
[EventCountry "GER"]
[SourceTitle "EXT 2024"]
[Source "ChessBase"]
[SourceDate "2023.10.10"]
[SourceVersion "1"]
[SourceVersionDate "2023.10.10"]
[SourceQuality "1"]
[WhiteTeam "Harksheide (W)"]
[BlackTeam "Baden-Baden (W)"]
[WhiteTeamCountry "GER"]
[BlackTeamCountry "GER"]

1. e4 c5 2. Nf3 d6 3. d4 cxd4 4. Nxd4 Nf6 5. Nc3 Nc6 6. f3 e5 7. Nb3 Be7 8. Be3 Be6 9. Qd2 d5 10. exd5 Nxd5 11. Nxd5 Qxd5 12. Qxd5 Bxd5 13. 0-0-0 0-0-0 14. Bd3 Kc7 15. Be4 Bxe4 16. fxe4 h5 17. Rhf1 f6 18. Nc5 Bxc5 19. Bxc5 h4 20. Rf3 Rh6 21. Rh3 Rg6 22. g3 b6 23. Rxd8 Nxd8 24. Be3 hxg3 25. Rxg3 Rxg3 26. hxg3 Ne6 27. Kd2 g6 28. g4 Kc6 29. Bf2 Ng5 30. Ke3 Nf7 31. Bh4 g5 32. Bf2 Nh6 33. Kf3 Kb5 34. Be1 Kc5 35. a3 a5 36. b4+ axb4 37. Bxb4+ Kc6 38. a4 Kd7 39. c4 Kc6 40. Be7 Ng8 41. Bb4 Kb7 1/2-1/2

[Event "BL 2122 (Women)"]
[Site "Germany"]
[Date "2022.05.29"]
[Round "11.4"]
[White "Adamowicz, Katarzyna"]
[Black "Schulz, Petra"]
[Result "1/2-1/2"]
[WhiteElo "2108"]
[BlackElo "1996"]
[PlyCount "130"]
[EventDate "2021.11.27"]
[EventType "team-tourn"]
[EventRounds "11"]
[EventCountry "GER"]
[SourceTitle "EXT 2023"]
[Source "ChessBase"]
[SourceDate "2022.10.05"]
[SourceVersion "1"]
[SourceVersionDate "2022.10.05"]
[SourceQuality "1"]
[WhiteTeam "Harksheide (W)"]
[BlackTeam "Leipzig Weissblau (W)"]
[WhiteTeamCountry "GER"]
[BlackTeamCountry "GER"]

1. e4 e6 2. d4 d5 3. Nc3 Bb4 4. e5 Qd7 5. a3 Bxc3+ 6. bxc3 b6 7. a4 Ba6 8. Bxa6 Nxa6 9. Qd3 Nb8 10. h4 Nc6 11. h5 f6 12. h6 fxe5 13. dxe5 gxh6 14. Nf3 Qg7 15. Qb5 Nge7 16. Rxh6 Qxg2 17. Rxe6 0-0 18. Be3 Qxf3 19. Kd2 a6 20. Qd3 Qf5 21. Rg1+ Kh8 22. Qxf5 Rxf5 23. Bg5 Rxf2+ 24. Ke1 Raf8 25. Bf6+ R2xf6 26. exf6 Ng6 27. Rf1 Nd8 28. Re7 c6 29. Ra7 a5 30. Ra6 Re8+ 31. Kd1 Kg8 32. Rxb6 Ne5 33. Ra6 Nc4 34. Rf3 Kf7 35. Ra7+ Ke6 36. Rxh7 Nf7 37. Rf2 Nce5 38. Kc1 Rg8 39. Rg7 Rh8 40. Kb2 Rb8+ 41. Ka2 Rh8 42. Rg1 Rh4 43. Kb3 Re4 44. Rg8 Nd6 45. Ra8 Nd7 46. f7 Nc5+ 47. Kb2 Nxa4+ 48. Kc1 Nxf7 49. Re8+ Kd6 50. Rxe4 dxe4 51. Rxf7 Nxc3 52. Kd2 Nb5 53. Ke3 Kc5 54. Rf6 a4 55. Kxe4 a3 56. Kd3 a2 57. Rf1 Kb4 58. Kd2 Nc3 59. Ra1 Nb1+ 60. Kc1 Ka3 61. Rxb1 axb1Q+ 62. Kxb1 Kb4 63. Kb2 Kc4 64. Ka2 Kb4 65. Kb2 Kc4 1/2-1/2

[Event "BL 2122 (Women)"]
[Site "Germany"]
[Date "2022.05.28"]
[Round "10.4"]
[White "Naumann, Nadine"]
[Black "Adamowicz, Katarzyna"]
[Result "1/2-1/2"]
[WhiteElo "1951"]
[BlackElo "2108"]
[PlyCount "104"]
[EventDate "2021.11.27"]
[EventType "team-tourn"]
[EventRounds "11"]
[EventCountry "GER"]
[SourceTitle "EXT 2023"]
[Source "ChessBase"]
[SourceDate "2022.10.05"]
[SourceVersion "1"]
[SourceVersionDate "2022.10.05"]
[SourceQuality "1"]
[WhiteTeam "Loeberitz (W)"]
[BlackTeam "Harksheide (W)"]
[WhiteTeamCountry "GER"]
[BlackTeamCountry "GER"]

1. e4 c5 2. Nf3 d6 3. d4 cxd4 4. Nxd4 Nf6 5. Nc3 Nc6 6. Be2 e5 7. Nb3 Be7 8. Be3 Be6 9. 0-0 0-0 10. f3 a5 11. Nd5 Bxd5 12. exd5 Nb4 13. c4 Nd7 14. a3 Na6 15. Qe1 a4 16. Nd2 Nac5 17. Ne4 Nxe4 18. fxe4 Bg5 19. Bf2 Nc5 20. Bxc5 dxc5 21. Qg3 Bf4 22. Qd3 Ra6 23. Rf3 Rb6 24. Rb1 Rb3 25. Qc2 Be3+ 26. Kh1 Qh4 27. g3 Qg5 28. Bd1 Rb6 29. Qe2 Bd4 30. Rf5 Qh6 31. Bxa4 g6 32. Rff1 f5 33. b3 fxe4 34. Rxf8+ Qxf8 35. Rf1 Rf6 36. Rxf6 Qxf6 37. Kg2 Qf5 38. b4 cxb4 39. axb4 e3 40. Bc2 e4 41. b5 Kg7 42. Qf1 Qe5 43. Bd1 Bb6 44. Be2 h5 45. Qf4 Qb2 46. Kf1 Qc1+ 47. Kg2 Qd2 48. Qe5+ Kh7 49. Qe7+ Kh6 50. Qf8+ Kh7 51. Qf7+ Kh6 52. Qf8+ Kh7 1/2-1/2

[Event "BL 2122 (Women)"]
[Site "Germany"]
[Date "2022.03.19"]
[Round "5.4"]
[White "Adamowicz, Katarzyna"]
[Black "Koepke, Elena"]
[Result "1-0"]
[WhiteElo "2108"]
[BlackElo "2285"]
[PlyCount "71"]
[EventDate "2021.11.27"]
[EventType "team-tourn"]
[EventRounds "11"]
[EventCountry "GER"]
[SourceTitle "EXT 2023"]
[Source "ChessBase"]
[SourceDate "2022.10.05"]
[SourceVersion "1"]
[SourceVersionDate "2022.10.05"]
[SourceQuality "1"]
[WhiteTeam "Harksheide (W)"]
[BlackTeam "Deizisau (W)"]
[WhiteTeamCountry "GER"]
[BlackTeamCountry "GER"]

1. e4 c5 2. Nf3 d6 3. d4 cxd4 4. Nxd4 Nf6 5. Nc3 g6 6. Be2 Bg7 7. Be3 0-0 8. 0-0 Nc6 9. Nb3 Be6 10. f4 Na5 11. Bd4 Rc8 12. f5 Bc4 13. Bd3 Nd7 14. Bxg7 Kxg7 15. Bxc4 Rxc4 16. Qd5 Nxb3 17. axb3 Qb6+ 18. Kh1 Rd4 19. Qa5 Qxa5 20. Rxa5 a6 21. Rd5 Rb4 22. Rd2 Re8 23. Kg1 Ne5 24. f6+ Kh8 25. Nd5 Rxe4 26. Nc7 Rc8 27. fxe7 Nc6 28. e8Q+ Rexe8 29. Nxe8 Rxe8 30. Rxf7 Ne5 31. Rxb7 Ng4 32. g3 Re1+ 33. Kg2 Re6 34. h3 Ne3+ 35. Kf2 d5 36. c4 1-0

[Event "Cappelle Online (Women) op"]
[Site "Europe Echecs INT"]
[Date "2021.03.08"]
[Round "2"]
[White "Adamowicz, Katarzyna"]
[Black "Dauletova, Gulmira"]
[Result "1-0"]
[WhiteElo "2082"]
[BlackElo "2285"]
[PlyCount "41"]
[EventDate "2021.03.08"]
[EventType "swiss (blitz)"]
[EventRounds "11"]
[EventCountry "FRA"]
[SourceTitle "CBM 201 Extra"]
[Source "ChessBase"]
[SourceDate "2021.05.31"]
[SourceVersion "1"]
[SourceVersionDate "2021.05.31"]
[SourceQuality "1"]

1. e4 e5 2. Nf3 Nc6 3. Bb5 a6 4. Ba4 Nf6 5. c3 Be7 6. 0-0 0-0 7. d4 Nxe4 8. dxe5 Nc5 9. Bc2 d6 10. b4 Ne6 11. Qd3 g6 12. Bh6 Ng7 13. exd6 Qxd6 14. Qxd6 Bxd6 15. Nbd2 Ne5 16. Rfe1 Ng4 17. Bg5 Bf5 18. Bxf5 gxf5 19. h3 f6 20. Bh4 Ne5 21. Rad1 1-0

[Event "Cappelle Online (Women) op"]
[Site "Europe Echecs INT"]
[Date "2021.03.08"]
[Round "4"]
[White "Adamowicz, Katarzyna"]
[Black "Osmak, Iulija"]
[Result "0-1"]
[WhiteElo "2082"]
[BlackElo "2428"]
[PlyCount "142"]
[EventDate "2021.03.08"]
[EventType "swiss (blitz)"]
[EventRounds "11"]
[EventCountry "FRA"]
[SourceTitle "CBM 201 Extra"]
[Source "ChessBase"]
[SourceDate "2021.05.31"]
[SourceVersion "1"]
[SourceVersionDate "2021.05.31"]
[SourceQuality "1"]

1. e4 Nc6 2. d4 d5 3. Nc3 e6 4. e5 Bb4 5. a3 Bxc3+ 6. bxc3 Nge7 7. Bd3 b6 8. Qg4 Ng6 9. Bg5 Qd7 10. h4 h5 11. Qe2 Nge7 12. Nh3 Bb7 13. Nf4 g6 14. Bf6 Rg8 15. Nh3 0-0-0 16. Bb5 Kb8 17. Ng5 Rdf8 18. Nh7 Rc8 19. Ng5 Qe8 20. a4 a5 21. Rb1 Nf5 22. g3 Qf8 23. 0-0 Ka7 24. Nh7 Qe8 25. Rb2 Nh6 26. f3 Nf5 27. Kh2 Ra8 28. Rfb1 Qc8 29. Ng5 Nh6 30. Qd2 Nb8 31. Kg2 Nd7 32. Nxe6 Nxf6 33. exf6 Qxe6 34. Qxh6 Qxf6 35. Qg5 Qxg5 36. hxg5 Rad8 37. Re1 c6 38. Bd3 Rge8 39. Rbb1 Bc8 40. Kf2 Kb7 41. Re3 Rxe3 42. Kxe3 Re8+ 43. Kf2 Kc7 44. Re1 Rxe1 45. Kxe1 Bd7 46. c4 dxc4 47. Bxc4 Be6 48. Bd3 Kd6 49. Kf2 Kd5 50. Ke3 c5 51. c4+ Kd6 52. d5 Bd7 53. Kf4 Bxa4 54. Ke3 Bb3 55. Kd2 b5 56. cxb5 Bxd5 57. Be2 c4 58. Kc3 Kc5 59. b6 Kxb6 60. Bxc4 Bxc4 61. Kxc4 Kc6 62. f4 Kb6 63. Kb3 Kb5 64. Ka3 a4 65. Ka2 Kb4 66. Kb2 Kc4 67. Ka3 Kd4 68. Kxa4 Ke4 69. Kb5 Kf3 70. Kc5 Kxg3 71. Kd6 Kxf4 0-1

[Event "Cappelle Online (Women) op"]
[Site "Europe Echecs INT"]
[Date "2021.03.08"]
[Round "3"]
[White "Assaubayeva, Bibissara"]
[Black "Adamowicz, Katarzyna"]
[Result "1-0"]
[WhiteElo "2378"]
[BlackElo "2082"]
[PlyCount "63"]
[EventDate "2021.03.08"]
[EventType "swiss (blitz)"]
[EventRounds "11"]
[EventCountry "FRA"]
[SourceTitle "CBM 201 Extra"]
[Source "ChessBase"]
[SourceDate "2021.05.31"]
[SourceVersion "1"]
[SourceVersionDate "2021.05.31"]
[SourceQuality "1"]

1. d4 Nf6 2. c4 e6 3. Nf3 Bb4+ 4. Nbd2 0-0 5. a3 Be7 6. e4 d5 7. e5 Ne4 8. Bd3 Nxd2 9. Bxd2 dxc4 10. Bxc4 c5 11. dxc5 Bxc5 12. Rc1 Nc6 13. 0-0 Be7 14. Qe2 Bd7 15. Rfd1 Qc7 16. b4 a6 17. Bd3 Rac8 18. Qe4 g6 19. h4 Rfd8 20. h5 Qb8 21. Bh6 Be8 22. hxg6 hxg6 23. Qf4 Rd5 24. Bc4 Rxd1+ 25. Rxd1 Rd8 26. Re1 b5 27. Ba2 Qb6 28. Bg5 Bxg5 29. Nxg5 Qd4 30. Ne4 Ne7 31. Nf6+ Kf8 32. Qh6# 1-0

[Event "Cappelle Online (Women) op"]
[Site "Europe Echecs INT"]
[Date "2021.03.08"]
[Round "7"]
[White "Schippke, Manon"]
[Black "Adamowicz, Katarzyna"]
[Result "0-1"]
[WhiteElo "1904"]
[BlackElo "2082"]
[PlyCount "88"]
[EventDate "2021.03.08"]
[EventType "swiss (blitz)"]
[EventRounds "11"]
[EventCountry "FRA"]
[SourceTitle "CBM 201 Extra"]
[Source "ChessBase"]
[SourceDate "2021.05.31"]
[SourceVersion "1"]
[SourceVersionDate "2021.05.31"]
[SourceQuality "1"]

1. e4 d6 2. d4 Nf6 3. Bd3 e5 4. c3 c6 5. h3 Be7 6. Nf3 Nbd7 7. 0-0 Qc7 8. a4 h6 9. Re1 Nf8 10. Na3 g5 11. Nh2 Ng6 12. b4 Nf4 13. b5 h5 14. dxe5 dxe5 15. Nc4 g4 16. Bxf4 exf4 17. e5 Nd5 18. Nd6+ Kf8 19. c4 g3 20. cxd5 gxh2+ 21. Kxh2 Bxd6 22. exd6 Qxd6 23. dxc6 bxc6 24. Qf3 Bd7 25. Be4 Bg4 26. Qa3 c5 27. Qd3 Qxd3 28. Bxd3 Be6 29. Rac1 Rc8 30. Re4 Bf5 31. a5 Bxe4 32. Bxe4 Rh6 33. Bc6 Rhxc6 34. bxc6 Rxc6 35. Rc4 Ke7 36. Rxf4 c4 37. Re4+ Kd6 38. Re2 c3 39. Rc2 Kd5 40. Kg3 Kd4 41. Kf3 Kd3 42. Ra2 c2 43. Ra3+ Kd2 44. Ra2 Kd1 0-1

[Event "POL-chT 2nd League"]
[Site "Poronin"]
[Date "2020.09.10"]
[Round "6.6"]
[White "Adamowicz, Katarzyna"]
[Black "Pastuszko, Kinga"]
[Result "1/2-1/2"]
[WhiteElo "2104"]
[BlackElo "1978"]
[PlyCount "118"]
[EventDate "2020.09.05"]
[EventType "team-swiss"]
[EventRounds "9"]
[EventCountry "POL"]
[SourceTitle "CBM 198 Extra"]
[Source "ChessBase"]
[SourceDate "2020.11.30"]
[SourceVersion "1"]
[SourceVersionDate "2020.11.30"]
[SourceQuality "1"]
[WhiteTeam "Grzybowo GKSz Solny"]
[BlackTeam "Konin UKS Smecz"]
[WhiteTeamCountry "POL"]
[BlackTeamCountry "POL"]

1. e4 e5 2. Nf3 Nc6 3. Bb5 a6 4. Ba4 Nge7 5. d4 exd4 6. Nxd4 g6 7. 0-0 Bg7 8. c3 b5 9. Bb3 0-0 10. Bg5 Bb7 11. Re1 h6 12. Bh4 b4 13. Nd2 bxc3 14. bxc3 Nxd4 15. cxd4 Bxd4 16. Rc1 d6 17. Nc4 c5 18. Qd2 Kh7 19. Bg3 d5 20. Na5 Ra7 21. Bf4 g5 22. Nxb7 Rxb7 23. Be3 dxe4 24. Bxd4 Qxd4 25. Qa5 Nf5 26. Rc4 Qd3 27. Rcxe4 Qb5 28. Qc3 Nd4 29. Bc4 Qb4 30. Qd3 f5 31. Re7+ Rxe7 32. Rxe7+ Kg6 33. h3 a5 34. Re5 Rd8 35. a3 Qb2 36. Rxc5 Qc1+ 37. Kh2 Qf4+ 38. Qg3 Qxg3+ 39. Kxg3 a4 40. f4 Nc2 41. Rc6+ Kg7 42. Rc7+ Kg6 43. fxg5 hxg5 44. Rc6+ Kg7 45. Be6 Rd3+ 46. Kf2 Rd2+ 47. Kf3 Rd3+ 48. Ke2 Rd8 49. Rxc2 Re8 50. Rc6 Kf6 51. Kd3 Rxe6 52. Rc4 Ra6 53. Kc3 f4 54. Kb4 Rb6+ 55. Kxa4 Rb2 56. h4 Rxg2 57. Rc6+ Kf5 58. Rc5+ Kg6 59. hxg5 Rxg5 1/2-1/2

[Event "DSOL 01 Liga Final 1st"]
[Site "Playchess.com INT"]
[Date "2020.08.27"]
[Round "1.4"]
[White "Adamowicz, Katarzyna"]
[Black "Deutsch, Christoph"]
[Result "1-0"]
[WhiteElo "2104"]
[BlackElo "1939"]
[PlyCount "83"]
[EventDate "2020.06.22"]
[EventType "team-k.o. (rapid)"]
[EventCountry "GER"]
[SourceTitle "EXT 2021"]
[Source "ChessBase"]
[SourceDate "2020.10.23"]
[SourceVersion "1"]
[SourceVersionDate "2020.10.23"]
[SourceQuality "1"]
[WhiteTeam "Norderstedt II"]
[BlackTeam "Gruendau"]
[WhiteTeamCountry "GER"]
[BlackTeamCountry "GER"]

1. e4 e5 2. Nf3 Nc6 3. Bb5 a6 4. Ba4 Nf6 5. 0-0 Be7 6. Re1 b5 7. Bb3 d6 8. c3 0-0 9. h3 h6 10. d4 Re8 11. Nbd2 Bf8 12. Nf1 Bd7 13. Ng3 a5 14. a4 b4 15. Nh2 Qc8 16. Nh5 Qd8 17. d5 Nb8 18. Ng3 Na6 19. f4 exf4 20. Bxf4 Nc5 21. Bc2 b3 22. Bxb3 Nfxe4 23. Bc2 Nxg3 24. Bxg3 Rb8 25. Rb1 Rxe1+ 26. Bxe1 Qe8 27. b3 Qe3+ 28. Kh1 Ne4 29. Qf3 Qxf3 30. Nxf3 Nc5 31. c4 g6 32. Bxa5 Rb7 33. Bc3 Bf5 34. Bxf5 gxf5 35. a5 Ne4 36. Bd4 Bg7 37. a6 Rb8 38. b4 Bxd4 39. Nxd4 Nd2 40. a7 Ra8 41. Ra1 Nxc4 42. Nb5 1-0

[Event "DSOL 01 Liga Gr-C 1st"]
[Site "Playchess.com INT"]
[Date "2020.07.23"]
[Round "5.4"]
[White "Weihrauch, Jakob"]
[Black "Adamowicz, Katarzyna"]
[Result "1-0"]
[WhiteElo "2174"]
[BlackElo "2104"]
[PlyCount "63"]
[EventDate "2020.06.22"]
[EventType "team-tourn (rapid)"]
[EventCountry "GER"]
[SourceTitle "EXT 2021"]
[Source "ChessBase"]
[SourceDate "2020.10.23"]
[SourceVersion "1"]
[SourceVersionDate "2020.10.23"]
[SourceQuality "1"]
[WhiteTeam "Hamburger SK"]
[BlackTeam "Norderstedt II"]
[WhiteTeamCountry "GER"]
[BlackTeamCountry "GER"]

1. e4 d6 2. d4 Nf6 3. Nc3 c6 4. Bd3 e5 5. dxe5 dxe5 6. Nf3 Qc7 7. h3 Be7 8. Be3 0-0 9. g4 b5 10. Ne2 Nbd7 11. Ng3 Nc5 12. g5 Nfd7 13. Nf5 Nb6 14. N3h4 Rd8 15. Qe2 Bf8 16. 0-0-0 Be6 17. Kb1 a5 18. Rhg1 Nc4 19. g6 fxg6 20. Bxc5 Bxc5 21. Nxg6 hxg6 22. Rxg6 Bxf5 23. exf5 Qf7 24. f6 Bf8 25. Rdg1 e4 26. Bxc4 Qxc4 27. Qh5 Ra7 28. Rh6 Qf1+ 29. Rxf1 gxh6 30. Qg6+ Kh8 31. f7 Bg7 32. Rg1 1-0

[Event "Krakow op-A 28th"]
[Site "Krakow"]
[Date "2018.01.03"]
[Round "8"]
[White "Ratsma, Rosa"]
[Black "Adamowicz, Katarzyna"]
[Result "1/2-1/2"]
[WhiteElo "2295"]
[BlackElo "2134"]
[PlyCount "105"]
[EventDate "2017.12.27"]
[EventType "swiss"]
[EventRounds "9"]
[EventCountry "POL"]
[SourceTitle "CBM 182 Extra"]
[Source "ChessBase"]
[SourceDate "2018.02.23"]
[SourceVersion "1"]
[SourceVersionDate "2018.02.23"]
[SourceQuality "1"]

1. e4 e5 2. Nf3 Nc6 3. Bb5 a6 4. Bc4 Nf6 5. 0-0 Be7 6. d3 b5 7. Bb3 d6 8. a3 0-0 9. Nc3 Na5 10. Ba2 Be6 11. Bxe6 fxe6 12. b4 Nc6 13. Re1 Qe8 14. Ne2 Qg6 15. Ng3 Ng4 16. Be3 d5 17. c3 Nxe3 18. Rxe3 Bf6 19. Qb3 Rad8 20. a4 Kh8 21. axb5 axb5 22. Ra6 Rd6 23. Qa3 d4 24. cxd4 exd4 25. Re1 Ne5 26. Nxe5 Bxe5 27. Ra8 Rdd8 28. Rxd8 Rxd8 29. Qc1 Qe8 30. Qg5 Bd6 31. Nh5 Qe7 32. Qxb5 Bxb4 33. Rb1 c5 34. Nf4 Rf8 35. g3 Qf6 36. Rf1 Bd2 37. Ng2 Bb4 38. Qc4 h6 39. Nf4 Re8 40. Qb5 Qf7 41. Ne2 e5 42. f4 Rf8 43. Qa4 Bd2 44. Qc2 Be3+ 45. Kg2 Qh5 46. h3 exf4 47. Nxf4 Bxf4 48. Rxf4 Rxf4 49. gxf4 Qg6+ 50. Kf2 Qh5 51. Kg3 Qg6+ 52. Kh2 Qh5 53. Kg3 1/2-1/2

[Event "Krakow op-A 28th"]
[Site "Krakow"]
[Date "2017.12.31"]
[Round "6"]
[White "Adamowicz, Katarzyna"]
[Black "Karas, Marek"]
[Result "1/2-1/2"]
[WhiteElo "2134"]
[BlackElo "2240"]
[PlyCount "90"]
[EventDate "2017.12.27"]
[EventType "swiss"]
[EventRounds "9"]
[EventCountry "POL"]
[SourceTitle "CBM 182 Extra"]
[Source "ChessBase"]
[SourceDate "2018.02.23"]
[SourceVersion "1"]
[SourceVersionDate "2018.02.23"]
[SourceQuality "1"]

1. e4 e6 2. d4 d5 3. Nc3 Nf6 4. Bg5 dxe4 5. Nxe4 Be7 6. Bxf6 gxf6 7. Nf3 f5 8. Ng3 c5 9. c3 Nc6 10. Bb5 cxd4 11. Nxd4 Bd7 12. Nxc6 bxc6 13. Bc4 Qb6 14. Qe2 Rg8 15. 0-0-0 Bg5+ 16. Kb1 0-0-0 17. Qe5 Qc7 18. Qc5 Kb8 19. Ne2 Bc8 20. Nd4 Bb7 21. Be2 Be7 22. Qc4 c5 23. Nb5 Qe5 24. Bf3 Be4+ 25. Ka1 Bxf3 26. gxf3 Rxd1+ 27. Rxd1 Rd8 28. Rxd8+ Bxd8 29. a4 a6 30. Na3 Ka7 31. Nc2 Be7 32. h3 Qd6 33. Ka2 f4 34. Ne1 Qd5 35. Qxd5 exd5 36. Nd3 Bd6 37. b3 c4 38. bxc4 dxc4 39. Nb2 Be5 40. Nxc4 Bxc3 41. Nd6 Bd4 42. Kb3 f6 43. Ne4 Kb6 44. Kc4 Be5 45. Nc5 Ka5 1/2-1/2

[Event "Krakow op-A 28th"]
[Site "Krakow"]
[Date "2017.12.28"]
[Round "2"]
[White "Adamowicz, Katarzyna"]
[Black "Licznerski, Lukasz"]
[Result "0-1"]
[WhiteElo "2134"]
[BlackElo "2267"]
[PlyCount "110"]
[EventDate "2017.12.27"]
[EventType "swiss"]
[EventRounds "9"]
[EventCountry "POL"]
[SourceTitle "CBM 182 Extra"]
[Source "ChessBase"]
[SourceDate "2018.02.23"]
[SourceVersion "1"]
[SourceVersionDate "2018.02.23"]
[SourceQuality "1"]

1. e4 c6 2. d4 d5 3. Nc3 dxe4 4. Nxe4 Nd7 5. Ng5 e6 6. Bd3 Be7 7. N1f3 h6 8. Ne4 Ngf6 9. Qe2 c5 10. c3 Qc7 11. Bd2 b6 12. 0-0 Bb7 13. Rfe1 0-0 14. Rad1 Rfd8 15. dxc5 Nxe4 16. Bxe4 Bxe4 17. Qxe4 Nxc5 18. Qg4 Nd3 19. Rf1 Nxb2 20. Bf4 Qc4 21. Ne5 Qa4 22. Rd4 Rxd4 23. cxd4 Bf6 24. Qh5 Bxe5 25. Bxe5 Nc4 26. Bf4 Qa5 27. Qg4 Qf5 28. Qxf5 exf5 29. Rc1 b5 30. a4 a6 31. axb5 axb5 32. d5 g5 33. Be3 Rd8 34. Rd1 Nxe3 35. fxe3 Kf8 36. d6 Ke8 37. Rd5 Rb8 38. Rxf5 b4 39. e4 b3 40. Rf1 b2 41. Rb1 f6 42. Kf2 Kd7 43. Ke3 Kxd6 44. Kd4 h5 45. Kc3 Ke5 46. Kc2 g4 47. Kd3 Rb7 48. Kc2 h4 49. Kd3 h3 50. g3 Rb8 51. Kc2 Kxe4 52. Re1+ Kf3 53. Kb1 Kg2 54. Re2+ Kg1 55. Rd2 Rb5 0-1

[Event "POL-chT 2nd League"]
[Site "Jastrzebia Gora"]
[Date "2016.09.07"]
[Round "5.21"]
[White "Orzech, Dominik"]
[Black "Adamowicz, Katarzyna"]
[Result "1-0"]
[WhiteElo "2378"]
[BlackElo "2173"]
[PlyCount "75"]
[EventDate "2016.09.03"]
[EventType "team-swiss"]
[EventRounds "9"]
[EventCountry "POL"]
[SourceTitle "EXT 2017"]
[Source "ChessBase"]
[SourceDate "2016.10.25"]
[SourceVersion "1"]
[SourceVersionDate "2016.10.25"]
[SourceQuality "1"]
[WhiteTeam "Lodz Okucia Budowlane"]
[BlackTeam "Myslenice MLKSz"]
[WhiteTeamCountry "POL"]
[BlackTeamCountry "POL"]

1. d4 d5 2. Nf3 Nf6 3. c4 e6 4. Nc3 c6 5. Bg5 h6 6. Bxf6 Qxf6 7. e3 g6 8. Bd3 Bg7 9. 0-0 dxc4 10. Bxc4 Nd7 11. e4 e5 12. d5 Nb6 13. Bb3 0-0 14. Rc1 Bd7 15. Qe2 Rac8 16. Rfd1 Rfd8 17. a4 a5 18. h3 g5 19. Nd2 Qg6 20. Qe3 c5 21. Nc4 Nxc4 22. Bxc4 h5 23. Bb5 g4 24. Bxd7 Rxd7 25. Qg3 Bh6 26. Qxe5 gxh3 27. Qh2 Bxc1 28. Qxh3 Bxb2 29. Qxd7 Qg4 30. Qxb7 Bxc3 31. f3 Qg3 32. Qxc8+ Kg7 33. Qh3 Bd4+ 34. Rxd4 Qe1+ 35. Kh2 cxd4 36. Qg3+ Qxg3+ 37. Kxg3 f6 38. Kf2 1-0

[Event "Pardubice Czech op-A 27th"]
[Site "Pardubice"]
[Date "2016.07.26"]
[Round "5"]
[White "Nun, Jiri"]
[Black "Adamowicz, Katarzyna"]
[Result "1/2-1/2"]
[WhiteElo "2317"]
[BlackElo "2145"]
[PlyCount "81"]
[EventDate "2016.07.22"]
[EventType "swiss"]
[EventRounds "9"]
[EventCountry "CZE"]
[SourceTitle "CBM 173 Extra"]
[Source "ChessBase"]
[SourceDate "2016.08.29"]
[SourceVersion "1"]
[SourceVersionDate "2016.08.29"]
[SourceQuality "1"]

1. e4 e5 2. Bc4 Bc5 3. Nf3 Nc6 4. c3 Nf6 5. d3 d6 6. h3 a5 7. a4 h6 8. Bb3 0-0 9. Nbd2 Re8 10. 0-0 Be6 11. Bxe6 fxe6 12. Re1 d5 13. Qb3 Rb8 14. Nf1 Kh7 15. Ng3 Qd6 16. Bd2 Nd7 17. Rad1 Bb6 18. d4 exd4 19. cxd4 Kh8 20. e5 Qe7 21. Qd3 Qf7 22. Be3 Ne7 23. Nh4 Nf8 24. Qd2 Kh7 25. Rc1 Nfg6 26. Nxg6 Qxg6 27. Ne2 Nf5 28. Nf4 Qf7 29. Rf1 c6 30. Ne2 Bd8 31. g4 Nh4 32. f4 Qg6 33. Ng3 Nf5 34. Nxf5 exf5 35. Qd3 Rf8 36. Rc2 Qe6 37. Rg2 g6 38. Kh1 Be7 39. Rfg1 Rg8 40. Bd2 b6 41. Be3 1/2-1/2

[Event "POL-ch U26 (Women) rapid"]
[Site "Hucisko"]
[Date "2016.01.15"]
[Round "4"]
[White "Starczewska, Dominika"]
[Black "Adamowicz, Katarzyna"]
[Result "1-0"]
[WhiteElo "1991"]
[BlackElo "2134"]
[PlyCount "91"]
[EventDate "2016.01.15"]
[EventType "swiss (rapid)"]
[EventRounds "9"]
[EventCountry "POL"]
[SourceTitle "CBM 170 Extra"]
[Source "ChessBase"]
[SourceDate "2016.02.25"]
[SourceVersion "1"]
[SourceVersionDate "2016.02.25"]
[SourceQuality "1"]

1. f4 d5 2. g3 c5 3. Bg2 Nc6 4. Nf3 Bg4 5. d3 Nf6 6. 0-0 e6 7. c3 Be7 8. Qe1 Qb6 9. Kh1 0-0 10. Nbd2 Rfe8 11. e4 Bxf3 12. Nxf3 c4 13. e5 Ng4 14. d4 h5 15. f5 exf5 16. h3 Nh6 17. Bxh6 gxh6 18. Qd2 Bf8 19. Nh4 Ne7 20. Nxf5 Rad8 21. Nh4 Bg7 22. Bf3 Qe6 23. Kh2 f6 24. Bxh5 Rf8 25. exf6 Rxf6 26. Bg4 Qd6 27. Rxf6 Qxf6 28. Qe2 Kh7 29. Rf1 Qg5 30. Be6 Rf8 31. Qc2+ Kh8 32. Rxf8+ Bxf8 33. Qf2 Bg7 34. Qf7 Qd2+ 35. Ng2 Qg5 36. Nf4 b5 37. Qe8+ Kh7 38. Qxb5 Ng6 39. Nxg6 Qxg6 40. Qxd5 Qc2+ 41. Qg2 Qd3 42. Bd5 Kh8 43. h4 a5 44. Be4 Qe3 45. Bc2 Qe1 46. Qa8+ 1-0